| 000 | 00645nam a2200145 4500 | ||
|---|---|---|---|
| 999 |
_c6498 _d6498 |
||
| 020 | _a354078053x | ||
| 050 |
_aQA155 _b.H83 |
||
| 100 | _aHungerford, Thomas W. | ||
| 245 |
_aAlgebra / _cThomas W. Hungerford |
||
| 260 |
_aNew York _bSpringer _c1974 |
||
| 300 |
_axxiii, 502p. : _c24cm |
||
| 500 | _aIncludes index | ||
| 505 | _aChapter 1. Groups Chapter 2. The Structure of Groups Chapter 3. Rings Chapter 4. Modules Chapter 5. Fields and Galois Theory Chapter 6. The Structure of Fields Chapter 7. Linear Algebra Chapter 8. Commutative Rings and Modules Chapter 9. The Structure of Rings Chapter 10. Categories | ||
| 942 | _cBK | ||